Coca-Cola kúpila ochrannú známku Orangina
Francúzsky výrobca nápojov Pernod Ricard predal koncom roku 1997 americkému koncernu Coca-Cola všetky aktivity spojené s výrobou limonády Orangina. Coca-Cola upevňuje svoju pozíciu na území francúzskeho trhu nealkoholických nápojov. Objem predaja spoločnosti Coca-Cola v krajinách strednej a východne...
Gespeichert in:
| 1. Verfasser: | |
|---|---|
| Format: | Buch |
| Sprache: | Slowakisch |
| Schlagworte: | |
| Tags: |
Keine Tags, Fügen Sie das erste Tag hinzu!
|
MARC
| LEADER | 00000nam a2200000 4500 | ||
|---|---|---|---|
| 001 | r030620 | ||
| 005 | 20230921083437.2 | ||
| 041 | 0 | |a slo | |
| 044 | |a SK | ||
| 245 | 1 | 0 | |a Coca-Cola kúpila ochrannú známku Orangina |c Petra Blahová |
| 520 | |a Francúzsky výrobca nápojov Pernod Ricard predal koncom roku 1997 americkému koncernu Coca-Cola všetky aktivity spojené s výrobou limonády Orangina. Coca-Cola upevňuje svoju pozíciu na území francúzskeho trhu nealkoholických nápojov. Objem predaja spoločnosti Coca-Cola v krajinách strednej a východnej Európy. | ||
| 610 | 2 | 0 | |a Coca-Cola |
| 610 | 2 | 0 | |a koncerny |
| 610 | 2 | 0 | |a Orangina |
| 610 | 2 | 0 | |a známky ochranné |
| 610 | 2 | 0 | |a nápoje nealkoholické |
| 610 | 2 | 0 | |a obrat obchodný |
| 610 | 2 | 0 | |a stratégia obchodná |
| 100 | 1 | |a Blahová, Petra | |